Divergent series /

Guardado en:
Autor Principal: Hardy, G. H. 1877-1947.
Formato: Libro
Idioma:English
Publicado: Oxford : Clarendon Press, 1949.
Etiquetas: Agregar Etiqueta
Sin Etiquetas, Sea el primero en etiquetar este registro!
LEADER 00475nam a22001575a 4500
001 MAT.inmabb001594
008 031124s1949####enk###########000#0#eng#d
005 20120824104700.0
245 1 0 |a Divergent series /  |c by G. H. Hardy. 
260 |a Oxford :  |b Clarendon Press,  |c 1949. 
300 |a xvi, 396 p. ;  |c 25 cm. 
510 4 |a MR,  |c 11,25a 
100 1 |a Hardy, G. H.  |q (Godfrey Harold),  |d 1877-1947. 
084 |a 40-01  |2 msc2000 
010 |a  49005496  
859 |h 40  |i H268  |p A-1975  |b BIB. MATEMATICA